LEADER 01737nam a2200289 u 4500 001 000000002961 003 CaOOAMICUS 005 20070226104504.0 008 940921s1933 cs u000 u fre u 035 $a10075375 040 $aPUL$bita 100 1 $aDvorník, Franti?ek,$d1893-1975.$0(OLS)http://pul/name/683 245 14$aLes légendes de Constantin et de Méthode :$bvues de Byzance /$cpar Fr. Dvorník .. 260 $aPrague :$bCommissionnaire: "Orbis", Imprimerie de l'État ŕ Prague,$c1933. 300 $ax, 443 p. ;$c25 cm 490 1 $aByzantinosěnvien: recueli pour l'étude des relations byzantino-slaves, publié par la COmmission byzantologique de l'Institut slave. ;$vSupplementa, 1 500 $aLettered on cover: "Byzantinoslavies supplementa" tome 1. 500 $aAdded t.-p. has imprint in Bohemian. 500 $a"Vie de Constantin" (p. 349-380) and "Vie de Methode" (p. 381-393) are translations by the author from the original Slavinic legends, which are the principal basis of his work. 500 $a"Sources et documents": p. 395-418. 600 04$aMethodius,$cs., arciv. di Moravia e Pannonia,$dm. 885.$0(OLS)http://pul/subject/107 830 0$aByzantinosěnvien: recueli pour l'étude des relations byzantino-slaves, publié par la COmmission byzantologique de l'Institut slave. ;$vSupplementa, 1.$0(OLS)http://pul/title/4314 850 $aPUL 852 $aPUL$W1$xDP2 Filosofia 1$y62$m130 D 12$j3940$nBK-PRI$b $qStampati$B3940$CPULBib$Z2$F3940 $81 941 1 $a8 996 $6245$aLes légendes de Constantin et de Méthode :$bvues de Byzance$9(OLS)http://pul/title/4313 996 $6260$aPrague :$bCommissionnaire: "Orbis", Imprimerie de l'État ŕ Prague$9(OLS)http://pul/publisher/49624 LEADER 01505nam a2200337 a 4500 001 000000125620 003 CaOOAMICUS 005 20110617100124.0 008 110609s2011 it u000 u ita r 020 $a978-88-308-1142-3 040 $aPUL$bita 082 04$a142.7 100 1 $aMancini, Roberto,$d1958-$0(OLS)http://pul/name/26538 245 10$aVisione e veritŕ :$bun viaggio nella fenomenologia attraverso le Ideen I di Edmund Husserl /$cRoberto Mancini. 260 $aAssisi :$bCittadella,$c2011. 300 $a289 p. ;$c24 cm. 490 1 $aOrizzonte filosofico 504 $aBibliografia p. [283]-289. 600 14$aHusserl, Edmund,$d1859-1938$xFenomenologia.$0(OLS)http://pul/subject/36866 600 14$aHusserl, Edmund,$d1859-1938$tIdeen I.$0(OLS)http://pul/subject/38119 650 4$aFenomenologia$xCritica e interpretazione.$0(OLS)http://pul/subject/17511 830 0$aOrizzonte filosofico.$0(OLS)http://pul/title/78472 850 $aPUL 852 $aPUL$W1$xSL Filosofia 3$y81$m142. 7 MANRO 1$j144831$qDDC 21$q $B143839$CPULBib$Z2$F143839 $H117413 $81 941 1 $a9 996 $6020$a978-88-308-1142-3$9(OLS)http://pul/number/147500 996 $6082$a142.7$9(OLS)http://pul/classification/1839 996 $6245$aVisione e veritŕ :$bun viaggio nella fenomenologia attraverso le Ideen I di Edmund Husserl$9(OLS)http://pul/title/158413 996 $6260$aAssisi :$bCittadella$9(OLS)http://pul/publisher/49668